000 00239nam a22000857a 4500
008 160706b xxu||||| |||| 00| 0 eng d
100 _92346
_a Maharajan, A
245 _aRemembering: Our Leaders
260 _aNew Delhi
_b National Book Trust
_c1998
999 _c2023
_d2023